<?xml version="1.0" encoding="UTF-8"?>
<record
    xmlns:xsi="http://www.w3.org/2001/XMLSchema-instance"
    xsi:schemaLocation="http://www.loc.gov/MARC21/slim http://www.loc.gov/standards/marcxml/schema/MARC21slim.xsd"
    xmlns="http://www.loc.gov/MARC21/slim">

  <leader>02461nam a22002537a 4500</leader>
  <controlfield tag="005">20250628091555.0</controlfield>
  <controlfield tag="008">250627b        |||||||| |||| 00| 0 eng d</controlfield>
  <datafield tag="020" ind1=" " ind2=" ">
    <subfield code="a">9789360456870</subfield>
  </datafield>
  <datafield tag="040" ind1=" " ind2=" ">
    <subfield code="c">AL</subfield>
  </datafield>
  <datafield tag="041" ind1=" " ind2=" ">
    <subfield code="a">English</subfield>
  </datafield>
  <datafield tag="082" ind1=" " ind2=" ">
    <subfield code="a">954.87</subfield>
    <subfield code="b">RAGR</subfield>
  </datafield>
  <datafield tag="100" ind1=" " ind2=" ">
    <subfield code="a">Srikar Raghavan</subfield>
    <subfield code="9">216408</subfield>
  </datafield>
  <datafield tag="245" ind1=" " ind2=" ">
    <subfield code="a">Rama Bhima Soma</subfield>
    <subfield code="b">: Cultural investigations into modern Karnataka</subfield>
  </datafield>
  <datafield tag="260" ind1=" " ind2=" ">
    <subfield code="a">Chennai</subfield>
    <subfield code="b">Westland books</subfield>
    <subfield code="c">2025</subfield>
  </datafield>
  <datafield tag="300" ind1=" " ind2=" ">
    <subfield code="a">587 p.</subfield>
    <subfield code="b">HB</subfield>
    <subfield code="c">24x16 cm.</subfield>
  </datafield>
  <datafield tag="365" ind1=" " ind2=" ">
    <subfield code="a">KSCR-000225</subfield>
    <subfield code="b">&#x20B9;719.00</subfield>
    <subfield code="c">&#x20B9;</subfield>
    <subfield code="d">&#x20B9;899.00</subfield>
    <subfield code="e">20%</subfield>
    <subfield code="f">20-06-2025</subfield>
  </datafield>
  <datafield tag="520" ind1=" " ind2=" ">
    <subfield code="a">Karnataka is one of India&#x2019;s most diverse states, as rich in literary and cultural traditions as it is in democratic struggles and political churns. The twentieth century witnessed the birth of a modern Kannada renaissance, accompanied by the emergence of a powerful social conscience. One young man&#x2019;s desire to explore this vibrant historical backyard, born out of a feeling of being linguistically unmoored, compounded by worries over an increasingly opaque political direction, leads to an ambitious&#x2014;no, audacious&#x2014;attempt to unpack the region&#x2019;s social and cultural histories.
Rama Bhima Soma is an enterprise of translation and rediscovery, packed with stories and conversations. The life and times of legends like Kuvempu and Shivaram Karanth; the fall of Socialism and the rise of the Hindu Right; the intellectual ruminations of U.R. Ananthamurthy, D.R. Nagaraj and M.M. Kalburgi; the wildly popular television serials of T.N. Seetharam and the community-centred one-woman theatre shows of Du Saraswathi; a brief history of Naxalism in Karnataka and glimpses of other complicated legacies of the 1970s&#x2019; Left&#x2014;the book explores a dizzyingly wide sweep of Karnataka&#x2019;s contemporary history, seeking, above all, to forge new connections and begin fresh conversations.
Marshalling a diverse range of literary and scholarly resources, framed through biographical sketches and immersive reportage, Srikar Raghavan&#x2019;s genre-bending work of narrative non-fiction reanimates some pivotal moments in the making of modern Karnataka. The result is a sizzling dish of ideas rescued from the deep freeze of historical amnesia. &#x200C;&#x200C;&#x200C;&#x200C;&#x200C;&#x200C;&#x200C;&#x200C;</subfield>
  </datafield>
  <datafield tag="650" ind1=" " ind2=" ">
    <subfield code="a">Cultural Investigations</subfield>
    <subfield code="9">216311</subfield>
  </datafield>
  <datafield tag="650" ind1=" " ind2=" ">
    <subfield code="a">History and Identity</subfield>
    <subfield code="9">216312</subfield>
  </datafield>
  <datafield tag="650" ind1=" " ind2=" ">
    <subfield code="a">Focus on the 1970s and 80s</subfield>
    <subfield code="9">216313</subfield>
  </datafield>
  <datafield tag="650" ind1=" " ind2=" ">
    <subfield code="a">Beyond Bengaluru</subfield>
    <subfield code="9">216314</subfield>
  </datafield>
  <datafield tag="650" ind1=" " ind2=" ">
    <subfield code="a">New Connections and Conversations</subfield>
    <subfield code="9">216315</subfield>
  </datafield>
  <datafield tag="942" ind1=" " ind2=" ">
    <subfield code="2">ddc</subfield>
    <subfield code="c">BK</subfield>
  </datafield>
  <datafield tag="999" ind1=" " ind2=" ">
    <subfield code="c">234554</subfield>
    <subfield code="d">234554</subfield>
  </datafield>
  <datafield tag="952" ind1=" " ind2=" ">
    <subfield code="0">0</subfield>
    <subfield code="1">0</subfield>
    <subfield code="2">ddc</subfield>
    <subfield code="4">0</subfield>
    <subfield code="7">0</subfield>
    <subfield code="8">PS</subfield>
    <subfield code="a">AL</subfield>
    <subfield code="b">AL</subfield>
    <subfield code="d">2025-06-23</subfield>
    <subfield code="e">Navakarnataka Publications Pvt Ltd Mangaluru-575001</subfield>
    <subfield code="g">719.00</subfield>
    <subfield code="l">0</subfield>
    <subfield code="o">954.87 RAGR</subfield>
    <subfield code="p">077709</subfield>
    <subfield code="r">2025-06-27 12:00:57</subfield>
    <subfield code="v">899.00</subfield>
    <subfield code="w">2025-06-20</subfield>
    <subfield code="y">BK</subfield>
  </datafield>
</record>
